<?xml version="1.0" encoding="UTF-8"?>
<marc:record xmlns:marc="http://www.loc.gov/MARC21/slim">
   <marc:leader>00000nam a2200000 a 4500</marc:leader>
   <marc:datafield ind1="1" ind2=" " tag="100">
      <marc:subfield code="a">Adichie, Chimamanda Ngozi</marc:subfield>
      <marc:subfield code="4">aut</marc:subfield>
      <marc:subfield code="e">Verfasser/-in</marc:subfield>
   </marc:datafield>
   <marc:datafield ind1="1" ind2=" " tag="100">
      <marc:subfield code="a">Schwaab, Judith</marc:subfield>
      <marc:subfield code="4">trl</marc:subfield>
      <marc:subfield code="e">Übersetzer/-in</marc:subfield>
   </marc:datafield>
   <marc:datafield ind1="0" ind2="0" tag="245">
      <marc:subfield code="a">Die Hälfte der Sonne</marc:subfield>
   </marc:datafield>
   <marc:datafield ind1="0" ind2="0" tag="245">
      <marc:subfield code="b">Roman</marc:subfield>
   </marc:datafield>
   <marc:datafield ind1="0" ind2="0" tag="245">
      <marc:subfield code="c">Chimamanda Ngozi Adichie ; aus dem Englischen von Judith Schwaab</marc:subfield>
   </marc:datafield>
   <marc:datafield ind1=" " ind2="1" tag="264">
      <marc:subfield code="a">Frankfurt am Main</marc:subfield>
      <marc:subfield code="b">Fischer Taschenbuch</marc:subfield>
      <marc:subfield code="c">2016</marc:subfield>
   </marc:datafield>
   <marc:datafield ind1="1" ind2=" " tag="520">
      <marc:subfield code="a">Angaben aus der Verlagsmeldung

Die Hälfte der Sonne : Roman Half of a Yellow Sun / von Chimamanda Ngozi Adichie

Adichies preisgekrönter Afrika-Roman - schon jetzt ein Weltklassiker

Eine Geschichte über Liebe und Verrat, Rassismus und Loyalität und das Leben im zerstörerischen Alltag des Krieges.

Im Nigeria der Sechzigerjahre kommt der Dorfjunge Ugwu als Houseboy zu Odenigbo, einem linksintellektuellen Professor, bei dem er lesen und schreiben lernt. Als Odenigbos neue Liebe Olanna ihr privilegiertes Leben in Lagos verlässt, um mit ihm zu leben, wachsen die drei schnell zu einer kleinen Familie zusammen.

Richard, ein englischer Journalist, der in Nigeria Inspiration für sein erstes Buchprojekt sucht, verliebt sich in Olannas ungleiche Schwester Kainene, die die Geschäfte der reichen, aber auch korrupten Familie leitet. Sie alle durchleben durch ihre je eigenen Kämpfe und Erfolge, doch teilen gemeinsam die große Hoffnung auf ein unabhängiges Biafra, das 1967 im Osten Nigerias, wo die Mehrheit der Igbo-Bevölkerung lebt, ausgerufen wird.

Nur drei Jahre später versinkt das Land in einem blutigen Bürgerkrieg, der Olanna, Kainene und ihre Liebsten brutal aus ihren Leben reißt und alles Dagewesene ausradiert.

'Chimamanda Adichie ist eine neue Autorin, die mit der Gabe der alten Geschichtenerzähler gesegnet ist.' Chinua Achebe
</marc:subfield>
   </marc:datafield>
   <marc:datafield ind1=" " ind2=" " tag="020">
      <marc:subfield code="a">9783596035489</marc:subfield>
      <marc:subfield code="9">9783596035489</marc:subfield>
   </marc:datafield>
   <marc:datafield ind1=" " ind2=" " tag="020">
      <marc:subfield code="a">3596035481</marc:subfield>
      <marc:subfield code="9">3596035481</marc:subfield>
   </marc:datafield>
   <marc:datafield ind1=" " ind2=" " tag="041">
      <marc:subfield code="a">ger</marc:subfield>
   </marc:datafield>
   <marc:datafield ind1=" " ind2=" " tag="300">
      <marc:subfield code="a">639 Seiten</marc:subfield>
   </marc:datafield>
</marc:record>
